| 000 | 00692nam a22002057a 4500 | ||
|---|---|---|---|
| 005 | 20250117110230.0 | ||
| 010 | _aENG-143508 | ||
| 020 |
_a9788181713049 _c900.00 |
||
| 035 | _aEN-127040 | ||
| 037 | _bDBAD | ||
| 082 |
_a954.36 _219 |
||
| 245 |
_aFauna of andaman and nicobar islands part 1 / _czoological survey of india |
||
| 260 |
_aKolkata _bzoological survey of india , new alipore, _c2012 |
||
| 270 |
_azoological survey of india , new alipore, _bKolkata _e700053 |
||
| 300 |
_a236 p. _c28 cm.(Pb) |
||
| 490 |
_vvol 1 _a19 |
||
| 500 | _asurvey of Andaman nikobar islands | ||
| 700 |
_azoological survey of india _976691 _bEdited |
||
| 942 |
_2ddc _cEN _h954.36 _mFau |
||
| 999 |
_c208566 _d208566 |
||